Altruism or the Other as the Essence of Existence : A Philosophical Passage to Being Altruistic /
"The author offers fresh, yet radical, philosophical insights into the much contested topic of altruism. Whereas the debate on altruism, since time immemorial, consists in trying to determine whether we are biologically altruistic or not, Ioannidis explores altruism otherwise. Following Nietzsc...
Main Author:
Format: eBook
Language: English
Published:
Leiden; Boston :
Brill | Rodopi,
2021.
Series:
Value Inquiry Book Series ;
363.
Religious Studies, Theology and Philosophy E-Books Online, Collection 2021, ISBN: 9789004441309.
Subjects:
Online Access: Login to view Source
Tags: Add Tag
Call Number: B53
| LEADER | 02443nam a22004811i 4500 | ||
|---|---|---|---|
| 001 | BRILL9789004448391 | ||
| 003 | nllekb | ||
| 005 | 20210602101636.0 | ||
| 006 | m d | ||
| 007 | cr un uuuua | ||
| 008 | 200716s2021 ne sb 001 0 eng d | ||
| 010 | |a 2021001675 | ||
| 020 | |a 9789004448391 |q (electronic book) | ||
| 020 | |a 9789004448384 |q (print) | ||
| 024 | 7 | |a 10.1163/9789004448391 |2 DOI | |
| 035 | |z (OCoLC)1206371512 | ||
| 040 | |a NL-LeKB |c NL-LeKB |e rda | ||
| 050 | 4 | |a B53 | |
| 072 | 7 | |a HPCF3 |2 bicssc | |
| 072 | 7 | |a PHI |x 018000 |2 bisacsh | |
| 072 | 7 | |a PHI |x 006000 |2 bisacsh | |
| 082 | 0 | 4 | |a 190 |2 23 |
| 100 | 1 | |a Ioannidis, Iraklis, |e author. | |
| 245 | 1 | 0 | |a Altruism or the Other as the Essence of Existence : |b A Philosophical Passage to Being Altruistic / |c Iraklis Ioannidis. |
| 246 | 3 | |a A Philosophical Passage to Being Altruistic | |
| 264 | 1 | |a Leiden; |a Boston : |b Brill | Rodopi, |c 2021. | |
| 300 | |a 1 online resource. | ||
| 336 | |a text |b txt |2 rdacontent | ||
| 337 | |a computer |b c |2 rdamedia | ||
| 338 | |a online resource |2 rdacarrier | ||
| 490 | 1 | |a Value Inquiry Book Series ; |v 363 | |
| 490 | 1 | |a Religious Studies, Theology and Philosophy E-Books Online, Collection 2021, ISBN: 9789004441309 | |
| 504 | |a Includes bibliographical references and index. | ||
| 520 | |a "The author offers fresh, yet radical, philosophical insights into the much contested topic of altruism. Whereas the debate on altruism, since time immemorial, consists in trying to determine whether we are biologically altruistic or not, Ioannidis explores altruism otherwise. Following Nietzsche, he traces altruism to the phenomenon of promising or giving one's word. His analysis provokes us to think that our possibility to exist cannot be realized without this event"-- |c Provided by publisher. | ||
| 588 | |a Description based on print version record. | ||
| 650 | 0 | |a Philosophy. | |
| 776 | 0 | 8 | |i Print version: |t Altruism or the Other as the Essence of Existence : A Philosophical Passage to Being Altruistic, |d Leiden ; Boston : Brill | Rodopi, 2021 |z 9789004448384 |
| 830 | 0 | |a Value Inquiry Book Series ; |v 363. | |
| 830 | 0 | |a Religious Studies, Theology and Philosophy E-Books Online, Collection 2021, ISBN: 9789004441309. | |
| 856 | 4 | |z DOI: |u http://dx.doi.org/10.1163/9789004448391 | |
| 942 | |c EBOOK | ||
| 952 | |0 0 |1 0 |4 0 |7 1 |9 14549 |a BRILL |b BRILL |d 2021-06-02 |l 0 |r 2021-06-02 00:00:00 |w 2021-06-02 |y EBOOK | ||
| 999 | |c 35998 |d 35998 | ||
